The Sing-Off Contestants (Season 1) Quiz Stats

 Plays Quiz not verified by Sporcle

Score 0/8 Timer 02:00
0 Plays Today
City of Origin Contestant % Correct
San Juan, Puerto RicoNOTA
100%
Provo, UtahNoteworthy
66.7%
Boulder, ColoradoFace
66.7%
Medford, MassachuchusettsThe Beelzebubs
33.3%
Cleveland, TennesseeVoices of Lee
33.3%
Los Angeles, CaliforniaThe SoCal VoCals
33.3%
Baltimore, MarylandMAXX Factor
33.3%
Omaha, NebraskaSolo
33.3%

You're not logged in!

Compare scores with friends on all Sporcle quizzes.
OR
Log In

Sporcle TV

Today on Sporcle TV


Watch our educational content, quiz creation guides, and fun videos on Sporcle TV.

Show Comments

Extras

Top Quizzes Today


Score Distribution

Your Account Isn't Verified!

In order to create a playlist on Sporcle, you need to verify the email address you used during registration. Go to your Sporcle Settings to finish the process.

Report this User

Report this user for behavior that violates our Community Guidelines.

Details: